• 首页
  • 本馆介绍
  • 公告通知
  • 最新文献
  • 馆藏检索
  • 电子资源
  • 读者导购
  • 参考咨询
  • 我的图书馆
  • 登录
  • 详细信息显示
  • 放入我的书架
  • 预约/预借图书
  • 作者相关作品
  • 分类相关作品
  • 丛书相关作品
  • 出版社相关作品

书目信息

  • 表格格式
  • 工作单格式
  • 卡片格式
题名:
学习型社会建设背景下的寒假学习共生体研究
    
 
作者: 李家成 , 林进材 主编
分册:  
出版信息: 上海   上海交通大学出版社  2019.12
页数: 250页
开本: 26cm
丛书名:
单 册:
中图分类: G459
科图分类:
主题词: 学校教育--合作--家庭教育--研究
电子资源:
ISBN: 978-7-313-22496-5
000 01215nam0 2200277 45
001 012001004072
005 20140926110519.0
010    @a978-7-313-22496-5@dCNY68.00
099    @aCAL 012020026663
100    @a20191227d2019 em y0chiy0110 ea
101 0  @achi
102    @aCN@b310000
105    @aak a 000yy
106    @ar
200 1  @a学习型社会建设背景下的寒假学习共生体研究@Axue xi xing she hui jian she bei jing xia de han jia xue xi gong sheng ti yan jiu@f主编李家成, 林进材
210    @a上海@c上海交通大学出版社@d2019.12
215    @a250页@c图@d26cm
300    @a你好, 寒假!
320    @a有书目 (第249-250页)
330    @a本书聚焦中小学生寒假生活, 具体分为学习型社会视角下的寒假学习共生体, 学习型街道建设, 学习型乡村探索, 校外教育机构介入与公共资源开发, 多主体的共学互学, 学期初学校、家庭、社区生活重建, 综合融通的学生学习, 自觉的教师寒假学习, 家长的自觉学习等几个部分进行阐述, 是在理论指导下进行的实践探索, 最终凝结为寒假学习的系列案例, 对于建设学习型社会具有一定的指导意义。
606 0  @a学校教育@x合作@x家庭教育@x研究
690    @aG459@v5
701  0 @a李家成@Ali jia cheng@4主编
701  0 @a林进材@Alin jin cai@4主编
801    @aCN@bAHXH@c20210922
905    @b1329257-61@dG459@e492@f5
    
    学习型社会建设背景下的寒假学习共生体研究/主编李家成, 林进材.-上海:上海交通大学出版社,2019.12
    250页:图;26cm
    你好, 寒假!
    
    ISBN 978-7-313-22496-5:CNY68.00
    本书聚焦中小学生寒假生活, 具体分为学习型社会视角下的寒假学习共生体, 学习型街道建设, 学习型乡村探索, 校外教育机构介入与公共资源开发, 多主体的共学互学, 学期初学校、家庭、社区生活重建, 综合融通的学生学习, 自觉的教师寒假学习, 家长的自觉学习等几个部分进行阐述, 是在理论指导下进行的实践探索, 最终凝结为寒假学习的系列案例, 对于建设学习型社会具有一定的指导意义。
●
相关链接 在E读中查询图书 在五车中查询图书 在当当中查询图书 在豆瓣中查询图书


正题名:学习型社会建设背景下的寒假学习共生体研究     索取号:G459/492         预约/预借

序号 登录号 条形码 馆藏地/架位号 状态 备注
1 1329257   213292578   第一样本阅览室/ [索取号:G459/492] 在馆    
2 1329258   213292587   教育系资料室/ [索取号:G459/492] 在馆    
3 1329259   213292596   教育系资料室/ [索取号:G459/492] 在馆    
4 1329260   213292603   第四借阅区/ [索取号:G459/492] 在馆    
5 1329261   213292612   第四借阅区/ [索取号:G459/492] 在馆    
唐山师范学院图书馆 欢迎您!
大连网信软件有限公司© 版权所有